LEADER 00987nam0-2200337---450- 001 990009274930403321 005 20160303163113.0 010 $a978-88-95962-37-5 035 $a000927493 035 $aFED01000927493 035 $a(Aleph)000927493FED01 035 $a000927493 100 $a20101108d2009----km-y0itay50------ba 101 0 $aita 102 $aIT 105 $a--------001cy 200 1 $aBuzz marketing nei social media$ecome scatenare il passaparola on-line$fDario Caiazzo ... [et al.] 210 $aBologna$cLupetti$d2009 215 $a133 p.$cfig.$d21 cm 225 1 $aComunicazione media e web communication 300 $aContiene bibl. 610 0 $aMarketing$aUso di Internet 676 $a658.8002854678$v22$zita 702 1$aCaiazzo,$bDario 801 0$aIT$bUNINA$gRICA$2UNIMARC 901 $aBK 912 $a990009274930403321 952 $a658.8 CAI 1$b4697$fBFS 959 $aBFS 996 $aBuzz marketing nei social media$9769012 997 $aUNINA LEADER 01120cam0-2200397---450- 001 990004070370403321 005 20111007131657.0 035 $a000407037 035 $aFED01000407037 035 $a(Aleph)000407037FED01 035 $a000407037 100 $a19990604d1970----km-y0itay50------ba 101 0 $aita 102 $aIT 105 $a--------001yy 200 1 $a<>barriera del naturalismo$estudi sulla narrativa italiana contemporanea$fRenato Barilli 205 $a2. ed. 210 $aMilano$cMursia$d1970 215 $a313 p.$d21 cm 225 1 $aCiviltà letteraria del Novecento$iSaggi$v7 610 0 $aNarrativa italiana$aSec. 20. 676 $a853.91 676 $a808.83$v12 rid.$zita 700 1$aBarilli,$bRenato$f<1935- >$010990 801 0$aIT$bUNINA$gRICA$2UNIMARC 901 $aBK 912 $a990004070370403321 952 $a853.91 BAR 1A$fFLFBC 952 $aBIB. BAT.3847$b5578$fBAT 952 $aF.Russo 577$fBAT 952 $aXI G B 59$b2030$fDFD 959 $aFLFBC 959 $aDFD 959 $aBAT 996 $aBarriera del naturalismo$9479056 997 $aUNINA